Gaming Quiz

Random Gaming Quiz
Score 0/7 Timer 02:00
0 Plays Today
Skill Weapon % Correct
ExplosivesBottlecap Mine
87.5%
Big GunsRock-It Launcher
78.6%
Small GunsDart Gun
75%
ExplosivesNuka Grenade
71.8%
UnarmedDeathclaw Gauntlet
71.2%
Small GunsRailway Rifle
70.5%
MeleeShishkebab
62.4%

You're not logged in!

Compare scores with friends on all Sporcle quizzes.
OR
Log In

Sporcle TV

Today on Sporcle TV


Watch our educational content, quiz creation guides, and fun videos on Sporcle TV.

Show Comments

Extras

Top Quizzes Today


Score Distribution

Paid Content

Your Account Isn't Verified!

In order to create a playlist on Sporcle, you need to verify the email address you used during registration. Go to your Sporcle Settings to finish the process.

Report this User

Report this user for behavior that violates our Community Guidelines.

Details: